ATEEZ - Membres par photos - Statistiques

Statistiques générales
  • Ce quiz a été pris 173 fois
  • Le résultat moyen est 7 sur 8
Statistiques - réponses
Par images Réponse % Correct
San
100%
Mingi
95%
Yeosang
90%
Jongho
88%
Seonghwa
88%
Wooyoung
88%
Yunho
85%
Hongjoong
81%
Aucun quiz correspondant
Distribution des résultats
% des personnes avec chaque résultat
Percentile par nombre de réponses
Votre historique - résultats
Vous n’avez pas pris ce quiz